00359 2200145 4500245006500000020001800065250001100083100001900094650001900113005001900132260003000151041001400181084000900195336000900204 aKebiasaan Sehari Hari Para Guru BangsacAgus Nur CahyohText a9786022555261 aCet. 1 aAgus Nur Cahyo aSosial/Politik a20240820143652 aJogjakartabIRCisoDc2014 aIndonesia aNONE atext